<?xml version="1.0" encoding="UTF-8"?>
<record
    xmlns:xsi="http://www.w3.org/2001/XMLSchema-instance"
    xsi:schemaLocation="http://www.loc.gov/MARC21/slim http://www.loc.gov/standards/marcxml/schema/MARC21slim.xsd"
    xmlns="http://www.loc.gov/MARC21/slim">

  <leader>01663nab a2200241uuc4500</leader>
  <controlfield tag="001">1026090</controlfield>
  <controlfield tag="005">20240202081506.0</controlfield>
  <controlfield tag="008">070425s2003                        spa  </controlfield>
  <datafield tag="035" ind1=" " ind2=" ">
    <subfield code="a">1026090</subfield>
  </datafield>
  <datafield tag="035" ind1=" " ind2=" ">
    <subfield code="a">(OCoLC)820163724</subfield>
  </datafield>
  <datafield tag="040" ind1=" " ind2=" ">
    <subfield code="c">comduadb</subfield>
  </datafield>
  <datafield tag="041" ind1=" " ind2=" ">
    <subfield code="a">spa</subfield>
  </datafield>
  <datafield tag="100" ind1="1" ind2="0">
    <subfield code="a">De Alba Fernandez, Nicolas</subfield>
    <subfield code="4">aut</subfield>
    <subfield code="e">aut</subfield>
    <subfield code="9">555596</subfield>
  </datafield>
  <datafield tag="245" ind1="1" ind2="0">
    <subfield code="a">Desigualdad y curriculo. Propuestas y reflexiones acerca de un concepto clave en los proyectos curriculares innovadores.</subfield>
  </datafield>
  <datafield tag="520" ind1="3" ind2=" ">
    <subfield code="a">Al hilo de la reforma educativa implantada por la LOGSE se desarrollo en Espa&#xF1;a una importante labor de investigaci&#xF3;n y desarrollo de propuestas innovadoras encaminadas a la elaboraci&#xF3;n de un curr&#xED;culo integrado. En la mayor parte de ellas, aunque de  modos diversos, se observa la presencia destacada del contenido de la desigualdad. En este sentido, realizamos una propuesta de profundizaci&#xF3;n en la investigaci&#xF3;n y el desarrollo del citado contenido escolar en base al trabajo en torno a un curr&#xED;culo mas integrado. Insistimos en la necesidad de continuar la labor de investigaci&#xF3;n en el campo como mecanismo para el desarrollo profesional y la transformaci&#xF3;n escolar, que permita a la escuela responder de un modo cada vez mas adecuado s los nuevos problemas y necesidades sociales.</subfield>
  </datafield>
  <datafield tag="650" ind1=" " ind2=" ">
    <subfield code="a">Curriculo integrado</subfield>
    <subfield code="9">59313</subfield>
  </datafield>
  <datafield tag="650" ind1=" " ind2=" ">
    <subfield code="a">Desarrollo profesional</subfield>
    <subfield code="9">138657</subfield>
  </datafield>
  <datafield tag="650" ind1=" " ind2=" ">
    <subfield code="a">Innovaci&#xF3;n curricular</subfield>
    <subfield code="9">69618</subfield>
  </datafield>
  <datafield tag="650" ind1=" " ind2=" ">
    <subfield code="a">Investigaci&#xF3;n educativa</subfield>
    <subfield code="9">4655</subfield>
  </datafield>
  <datafield tag="650" ind1=" " ind2=" ">
    <subfield code="a">Proyectos curriculares</subfield>
    <subfield code="9">65142</subfield>
  </datafield>
  <datafield tag="773" ind1="0" ind2=" ">
    <subfield code="t">Ense&#xF1;anza de las Ciencias Sociales : Revista de Investigaci&#xF3;n</subfield>
    <subfield code="g">No. 02, Mar. 2003, p. 85-91</subfield>
    <subfield code="w">971040</subfield>
    <subfield code="x">1579-2617</subfield>
    <subfield code="0">379539</subfield>
  </datafield>
  <datafield tag="942" ind1=" " ind2=" ">
    <subfield code="c">ARIMP</subfield>
  </datafield>
  <datafield tag="999" ind1=" " ind2=" ">
    <subfield code="c">411044</subfield>
    <subfield code="d">411044</subfield>
  </datafield>
</record>
